| 000 | 01118nam a22002537a 4500 | ||
|---|---|---|---|
| 005 | 20211012133703.0 | ||
| 008 | 211012s2021 ck d|||gr|||| 00| 0 spa d | ||
| 020 | _a9789584296450 | ||
| 040 |
_aCO-BoUCM _bspa _cDeissy Garcia _dDeissy Garcia |
||
| 041 | 0 | _aspa | |
| 245 | 0 | 3 |
_aLa guerra contra las drogas en América Latina _benfoques regionales de la interdicción aérea _cedición Rodrigo Mezú, Alfredo Fernández de Lara Gaitán ; prólogo César Fernández de Lara |
| 260 |
_aBogotá _bPlaneta _c2021 |
||
| 300 |
_a256 páginas _bgráficas |
||
| 504 | _aIncluye referencias bibliográficas | ||
| 650 | 7 |
_920085 _aNarcotráfico _xInvestigaciones _zAmérica Latina |
|
| 650 | 7 |
_926292 _aViolencia y narcotráfico |
|
| 650 | 7 |
_98289 _aAbuso de substancias _zAmérica Latina |
|
| 651 |
_aAmérica Latina _xFuerza aérea _xAviación militar _9106723 |
||
| 700 | 1 |
_aMezú, Rodrigo _eeditor _9106724 |
|
| 700 | 1 |
_aFernández de Lara Gaitán, Alfredo _eeditor _9106725 |
|
| 700 | 1 |
_aFernández de Lara, César _eprólogo _9106726 |
|
| 942 |
_2DEWEY _a5 _cLIBRO _e1 _h364.1 _mG934 _n0 |
||
| 999 |
_c320042 _d320042 |
||